000 00374nam a22001337a 4500
020 _a9780230272316
082 _222
_a808.027
100 _aPears, Richard and Shields, Graham.
245 _aCite them right :
_bthe essential refrerencin guide /
250 _a8th ed.
260 _aUK,
_bPalgrave Macmillan,
_cc2010.
300 _axiv, 98p. ;
_bill, ;
_c24 cm.
942 _2ddc
_cENG
999 _c2535
_d2535